[Event "Chess.com Classic Div 3 W"]
[Site "chess.com INT"]
[Date "2024.05.10"]
[Round "1.3"]
[White "Nguyen, Ngoc Truong Son"]
[Black "Bjerre, Jonas Buhl"]
[Result "1-0"]
[WhiteTitle "GM"]
[BlackTitle "GM"]
[WhiteElo "2633"]
[BlackElo "2653"]
[WhiteFideId "12401110"]
[BlackFideId "1444948"]
[EventDate "2024.05.10"]
[EventType "k.o."]

1. d4 Nf6 2. Nf3 d5 3. Bf4 c5 4. e3 Nc6 5. Nbd2 cxd4 6. exd4 Bf5 7. c3 h6 8. Qb3
Qc8 9. Ne5 e6 10. Bb5 Nd7 11. Ndf3 Ndxe5 12. Nxe5 a6 13. Nxc6 axb5 14. Ne5 Ra5
15. O-O f6 16. Nf3 Kf7 17. a3 g5 18. Bg3 Qc4 19. Qd1 Ra8 20. Re1 Rg8 21. Nd2 Qc6
22. Nf1 Bg6 23. Re3 h5 24. h3 Bh6 25. Re2 Rae8 26. Ne3 f5 27. Be5 f4 28. Nf1 Bf5
29. Re1 g4 30. h4 Qc4 31. Qc1 Rg6 32. Bxf4 Bxf4 33. Qxf4 Rf8 34. Ne3 Qd3 35.
Nxf5 Qxf5 36. Qxf5+ exf5 37. Re5 Re8 38. Rxf5+ Kg7 39. Rxd5 Re2 40. Rxb5 g3 41.
Rf1 1-0

[Event "Chess.com Classic Div 3 W"]
[Site "chess.com INT"]
[Date "2024.05.10"]
[Round "1.3"]
[White "Rasulov, Vugar"]
[Black "Paravyan, David"]
[Result "0-1"]
[WhiteTitle "GM"]
[BlackTitle "GM"]
[WhiteElo "2560"]
[BlackElo "2606"]
[WhiteFideId "13402390"]
[BlackFideId "4194985"]
[EventDate "2024.05.10"]
[EventType "k.o."]

1. e4 e5 2. Nf3 Nf6 3. Nxe5 d6 4. Nf3 Nxe4 5. d3 Nf6 6. d4 g6 7. Bd3 Bg7 8. Qe2+
Qe7 9. Qxe7+ Kxe7 10. Nc3 Nc6 11. Bg5 Nb4 12. O-O-O h6 13. Bh4 g5 14. Bg3 Nxd3+
15. Rxd3 Bf5 16. Rd2 Rhe8 17. Nb5 Nd5 18. c4 a6 19. Nc3 Nxc3 20. bxc3 Kd7 21.
Kb2 Be4 22. Ne1 b5 23. c5 dxc5 24. f3 Bg6 25. dxc5+ Kc6 26. Nc2 Bxc2 27. Kxc2
Re3 28. Rhd1 Rae8 29. Rd7 R8e7 30. Rxe7 Rxe7 31. Rd8 f5 32. f4 Re2+ 33. Kd3 Rxg2
34. Rg8 gxf4 35. Bxf4 Rg4 36. Be3 Be5 37. Re8 Bxh2 38. Re6+ Kd5 39. Rxh6 Bf4 40.
Bxf4 Rxf4 41. Rxa6 Kxc5 42. Rf6 Rf3+ 43. Kc2 Kd5 44. Kb3 c5 45. a4 bxa4+ 46.
Kxa4 Kc4 47. Rf8 Kxc3 48. Kb5 Kd4 49. Rd8+ Ke5 50. Kxc5 Rc3+ 51. Kb4 Rc7 52.
Re8+ Kd4 53. Rd8+ Ke4 54. Re8+ Kf3 55. Re1 f4 56. Rf1+ Ke3 57. Rc1 Rxc1 0-1

[Event "Chess.com Classic Div 3 W"]
[Site "chess.com INT"]
[Date "2024.05.10"]
[Round "1.3"]
[White "Sadhwani, Raunak"]
[Black "Moussard, Jules"]
[Result "1/2-1/2"]
[WhiteTitle "GM"]
[BlackTitle "GM"]
[WhiteElo "2654"]
[BlackElo "2611"]
[WhiteFideId "35093487"]
[BlackFideId "642908"]
[EventDate "2024.05.10"]
[EventType "k.o."]

1. e4 Nc6 2. Nf3 d6 3. d4 Nf6 4. Nc3 g6 5. Be2 Bg7 6. O-O O-O 7. h3 a6 8. d5 Nb8
9. a4 e5 10. dxe6 Bxe6 11. Be3 Nc6 12. Qd2 Re8 13. Bh6 Bh8 14. Rfe1 d5 15. exd5
Nxd5 16. Nxd5 Qxd5 17. Qxd5 Bxd5 18. c3 Na5 19. Nd2 c5 20. Rac1 Bf6 21. Bf1 c4
22. Rcd1 Rxe1 23. Rxe1 Rc8 24. Rd1 Be6 25. Ne4 Be7 26. Be2 b5 27. axb5 axb5 28.
Nd6 Rb8 29. Bf4 Rb6 30. Ne4 Nb3 31. Ng5 Bf5 32. g4 Bc8 33. Re1 h6 34. Nf3 Bf8
35. Bd1 Nc5 36. Re8 Bd7 37. Ra8 Ra6 38. Rxa6 Nxa6 39. b3 cxb3 40. Bxb3 Nc5 41.
Bc2 Na4 42. Be5 Bg7 43. Bxg7 Kxg7 44. Ne5 Be8 45. c4 b4 46. Nd3 Nb6 47. Bb3 Kf6
48. Nxb4 Ke5 49. c5 Nc8 50. Nd5 f5 51. gxf5 gxf5 52. Nb6 Ne7 53. Ba4 Bh5 54.
Nd7+ Kd4 55. c6 Bf3 56. c7 Bb7 57. Nb6 Kc5 58. c8=Q+ Bxc8 59. Nxc8 Nxc8 60. Kg2
Kd4 61. Kf3 Ke5 62. Bc2 Ne7 63. Bd3 Nc6 64. Bb1 Nd4+ 65. Kg3 Ne6 66. Kh4 Nf4 67.
Bc2 Kf6 68. Bb1 Kg6 69. Kg3 Ne2+ 70. Kf3 Nc3 71. Bc2 Kg5 72. h4+ Kf6 73. Kf4
Nd5+ 74. Kf3 Ke5 75. Bb1 Nf4 76. Bc2 Ng6 77. Kg3 Ne7 78. Bb3 Nc6 79. Bc2 Nd4 80.
Bb1 Ne2+ 81. Kf3 Nc3 82. Bc2 Nb5 83. Bd3 Nd4+ 84. Kg3 Ne6 85. Bb1 Nc5 86. Bc2
Nb7 87. Kf3 Nd6 88. Kg3 Nb5 89. Bd3 Nc3 90. Kf3 Na4 91. Bc2 Nc5 92. Kg3 Nd7 93.
Kf3 Kf6 94. Kf4 Ne5 95. Bxf5 Nc4 96. Bd3 Nd6 97. Kg4 Nf7 98. f4 Nd6 99. Kh5 Kg7
100. Kg4 Kf6 101. Kh5 Kg7 102. Kg4 Ne8 103. Kf3 Kf6 104. Kg4 Kg7 105. Kf3 Nf6
106. Bc4 Kf8 107. Bd3 Ke7 108. Bc4 Kd6 109. Bb3 Kc5 110. Ba2 Kd4 111. Bf7 Kd3
112. Bg6+ Kd4 113. Bf7 Kd3 114. Bg6+ Kd4 115. Bf7 1/2-1/2

[Event "Chess.com Classic Div 3 W"]
[Site "chess.com INT"]
[Date "2024.05.10"]
[Round "1.3"]
[White "Sjugirov, Sanan"]
[Black "Tang, Andrew"]
[Result "0-1"]
[WhiteTitle "GM"]
[BlackTitle "GM"]
[WhiteElo "2692"]
[BlackElo "2505"]
[WhiteFideId "4189302"]
[BlackFideId "2059630"]
[EventDate "2024.05.10"]
[EventType "k.o."]

1. d4 d5 2. c4 e6 3. Nc3 Be7 4. Nf3 Nf6 5. cxd5 exd5 6. Bf4 c6 7. h3 Ne4 8. Nd2
Nd6 9. e3 Bf5 10. Be2 Nd7 11. g4 Bg6 12. h4 h6 13. Nf3 Nf8 14. Bg3 Ne4 15. Nxe4
Bxe4 16. Bd3 Bb4+ 17. Kf1 Qe7 18. Kg2 h5 19. gxh5 Bxd3 20. Qxd3 Rxh5 21. Qb3 Ne6
22. Ng5 Kf8 23. Nxe6+ fxe6 24. Qd1 Qf7 25. Qg4 Kg8 26. Be5 Be7 27. f4 Kh7 28.
Rag1 Rc8 29. Kf3 g6 30. Rg2 Qf5 31. Qxf5 exf5 32. a3 a5 33. b4 a4 34. Rc2 Kg8
35. b5 Kf7 36. bxc6 Rxc6 37. Rb2 b6 38. Rb5 Bxa3 39. Ra1 Rc3 40. Rxb6 Rxh4 41.
Rf6+ Ke8 42. Ra6 Rh3+ 43. Kg2 Rhxe3 44. Rxa4 Kd7 45. Rb1 Rc2+ 46. Kg1 Bb2 47.
Ra6 Rg3+ 48. Kf1 Rgg2 49. Rd6+ Ke7 50. Rxd5 Rcf2+ 51. Ke1 Bc3+ 52. Kd1 Rf1# 0-1

[Event "Chess.com Classic Div 3 W"]
[Site "chess.com INT"]
[Date "2024.05.10"]
[Round "1.3"]
[White "Vokhidov, Shamsiddin"]
[Black "Radjabov, Teimour"]
[Result "0-1"]
[WhiteTitle "GM"]
[BlackTitle "GM"]
[WhiteElo "2592"]
[BlackElo "2723"]
[WhiteFideId "14204223"]
[BlackFideId "13400924"]
[EventDate "2024.05.10"]
[EventType "k.o."]

1. e4 e5 2. Nf3 Nc6 3. Bb5 Nf6 4. d3 d6 5. O-O Bd7 6. Re1 Be7 7. c3 O-O 8. Nbd2
Re8 9. Nf1 h6 10. Ng3 a6 11. Ba4 Bf8 12. h3 g6 13. d4 Bg7 14. Bc2 Na5 15. b3 c5
16. Be3 Qc7 17. Qd2 Kh7 18. d5 b5 19. Nh2 c4 20. b4 Nb7 21. a4 a5 22. axb5 Bxb5
23. Ne2 Reb8 24. Nf3 Nh5 25. Reb1 Bd7 26. Ra3 axb4 27. Rxa8 Rxa8 28. cxb4 Ra2
29. Nc3 Ra3 30. Ne2 Ra2 31. Qc1 c3 32. Rb3 Nf4 33. Nxc3 Ba4 34. Bxf4 Rxc2 35.
Qxc2 exf4 36. e5 dxe5 37. Nd2 e4 38. Ndxe4 Qc4 0-1

[Event "Chess.com Classic Div 3 W"]
[Site "chess.com INT"]
[Date "2024.05.10"]
[Round "1.3"]
[White "Warmerdam, Max"]
[Black "Lobanov, Sergei"]
[Result "1-0"]
[WhiteTitle "GM"]
[BlackTitle "GM"]
[WhiteElo "2652"]
[BlackElo "2507"]
[WhiteFideId "1048104"]
[BlackFideId "24183750"]
[EventDate "2024.05.10"]
[EventType "k.o."]

1. Nf3 d5 2. g3 Nc6 3. d4 Bf5 4. Bg2 Nb4 5. Na3 h6 6. c4 e6 7. O-O Nf6 8. Bd2 a5
9. Ne1 Be7 10. Bc3 O-O 11. Nac2 Ne4 12. Ne3 Bg6 13. a3 Nc6 14. cxd5 exd5 15. Qb3
Bf6 16. Qxd5 Re8 17. Nf3 Qe7 18. Nf5 Bxf5 19. Qxf5 Nd6 20. Qf4 Qxe2 21. Rfe1 Qc2
22. Ne5 Ne7 23. h4 Qf5 24. Qd2 a4 25. Bb4 Rad8 26. Rac1 c6 27. Bxd6 Rxd6 28. Qb4
Red8 29. Qxb7 Rxd4 30. Nxc6 Nxc6 31. Qxc6 Rd2 32. Re8+ 1-0

[Event "Chess.com Classic Div 3 W"]
[Site "chess.com INT"]
[Date "2024.05.10"]
[Round "1.4"]
[White "Bernadskiy, Vitaliy"]
[Black "Kozak, Adam"]
[Result "1/2-1/2"]
[WhiteTitle "GM"]
[BlackTitle "GM"]
[WhiteElo "2564"]
[BlackElo "2607"]
[WhiteFideId "14100371"]
[BlackFideId "753246"]
[EventDate "2024.05.10"]
[EventType "k.o."]

1. e4 e5 2. Nf3 Nc6 3. Bb5 Nf6 4. O-O Nxe4 5. d4 Nd6 6. Bxc6 dxc6 7. dxe5 Nf5 8.
Qxd8+ Kxd8 9. h3 Bd7 10. a4 Kc8 11. a5 Be7 12. Rd1 h6 13. Nbd2 Be6 14. g4 Nh4
15. Nxh4 Bxh4 16. Nf3 Be7 17. Nd4 Bc5 18. Nxe6 fxe6 19. c3 Rf8 20. Rd2 a6 21. b4
Be7 22. Bb2 Rd8 23. Rad1 Rd5 24. f4 b5 25. Kf2 Kd7 26. Ke3 Ke8 27. Ke4 Rad8 28.
Bc1 Rxd2 29. Rxd2 Rxd2 30. Bxd2 c5 31. f5 cxb4 32. cxb4 Kf7 33. Kd4 Bf8 34. h4
Be7 35. h5 Bf8 36. Kc3 c5 37. Kb3 cxb4 38. Bxb4 Bxb4 39. Kxb4 Ke7 40. Kc5 Ke8
41. Kd4 Ke7 42. Ke4 Kf7 43. Ke3 Ke7 44. Kd4 Kf7 45. Kc3 Ke8 46. Kb4 Kf7 47. Kc5
Ke7 48. Kd4 Kf7 49. Ke4 Ke7 50. Kf4 Kf7 51. Ke4 Ke7 52. Kd4 1/2-1/2

[Event "Chess.com Classic Div 3 W"]
[Site "chess.com INT"]
[Date "2024.05.10"]
[Round "1.4"]
[White "Bjerre, Jonas Buhl"]
[Black "Nguyen, Ngoc Truong Son"]
[Result "0-1"]
[WhiteTitle "GM"]
[BlackTitle "GM"]
[WhiteElo "2653"]
[BlackElo "2633"]
[WhiteFideId "1444948"]
[BlackFideId "12401110"]
[EventDate "2024.05.10"]
[EventType "k.o."]

1. e4 c6 2. d4 d5 3. e5 Bf5 4. Nd2 e6 5. Nb3 c5 6. dxc5 Bxc5 7. Bb5+ Kf8 8. Nf3
Bb6 9. O-O Ne7 10. Nfd4 h6 11. Kh1 Nbc6 12. Bxc6 bxc6 13. Be3 Bg6 14. a4 c5 15.
Nb5 d4 16. Bf4 Nd5 17. Bg3 h5 18. h4 Qd7 19. Nd6 Qc6 20. Nd2 Kg8 21. a5 Bc7 22.
N2e4 Rb8 23. b3 Bxd6 24. Nxd6 Nc3 25. Qd2 Kh7 26. f3 Rhd8 27. Nc4 Nd5 28. a6 Nb4
29. Rfc1 d3 30. cxd3 Nxd3 31. Rf1 Rd4 32. Qe3 Qd5 33. Ra3 Nb4 34. Qg5 Nc2 35.
Ne3 Nxe3 36. Qxe3 Rd3 37. Qg1 Rdxb3 38. Rxb3 Rxb3 39. Rc1 Qd3 40. Qxc5 Qxa6 41.
Bf2 Qe2 42. Qxa7 Qxe5 43. Qd4 Qe2 44. Kg1 Rd3 45. Qc5 Qd2 46. Re1 Rd5 47. Qc1
Qa2 48. Qe3 Rd3 49. Qe5 Rd2 50. Qe3 Rc2 51. Qd4 f6 52. Ra1 Qb3 53. Re1 e5 54.
Qe3 Qa2 55. Qa7 Qb2 56. Qb6 Qc3 57. Qe3 Qc4 58. Kh2 Qa2 59. Kg1 Rb2 60. Qa7 Qc4
61. Qe3 Ra2 62. Qb6 Qc2 63. Qe3 Qc4 64. Qc5 Qa4 65. Qe3 Rc2 66. Qa7 Qxa7 67.
Bxa7 Rc4 68. Bf2 e4 69. fxe4 Bxe4 70. Rd1 Kg6 71. Rd4 Rc1+ 72. Kh2 Kf5 73. Rd7
Rc2 74. Kg3 g5 75. hxg5 fxg5 76. Rf7+ Kg6 77. Re7 h4+ 78. Kh2 Bd5 79. Kg1 Kf5
80. Re3 Be4 81. Ra3 Rc1+ 82. Kh2 Rc2 83. Kg1 Kg6 84. Ra4 Bc6 85. Ra3 Kh5 86. Ra7
Be4 87. Re7 Bc6 88. Rc7 g4 89. Rh7+ Kg6 90. Rxh4 Kf5 91. Rh8 g3 92. Rf8+ Ke6 93.
Bd4 Rxg2+ 94. Kf1 Rd2 95. Be3 Ra2 96. Rg8 g2+ 97. Ke1 Be4 98. Rg5 Kf6 99. Rg3
Ke5 100. Rg5+ Ke6 101. Rg3 Kd5 102. Rg5+ Kc4 103. Rg3 Bd3 104. Bd2 Ra1+ 105. Kf2
Be4 106. Be1 Kd5 107. Rg5+ Kd6 108. Bb4+ Kc6 109. Be1 Rb1 110. Rg3 Kd5 111. Rg5+
Ke6 112. Rg3 Kf5 113. Rg8 Rb2+ 114. Ke3 Rb3+ 115. Kf2 Bd5 116. Bd2 Bxg8 0-1

[Event "Chess.com Classic Div 3 W"]
[Site "chess.com INT"]
[Date "2024.05.10"]
[Round "1.4"]
[White "Deac, Bogdan-Daniel"]
[Black "Andreikin, Dmitry"]
[Result "1/2-1/2"]
[WhiteTitle "GM"]
[BlackTitle "GM"]
[WhiteElo "2693"]
[BlackElo "2729"]
[WhiteFideId "1226380"]
[BlackFideId "4158814"]
[EventDate "2024.05.10"]
[EventType "k.o."]

1. d4 Nf6 2. c4 e6 3. Nc3 d5 4. Nf3 Nbd7 5. Bf4 dxc4 6. e3 Nd5 7. Bxc4 Nxf4 8.
exf4 Nb6 9. Bb3 g6 10. h4 Bg7 11. h5 Bd7 12. Ne5 Bc6 13. hxg6 hxg6 14. Rxh8+
Bxh8 15. Nxc6 bxc6 16. Qf3 Qxd4 17. Qxc6+ Kf8 18. g3 a5 19. Rd1 Qb4 20. Kf1 Bxc3
21. bxc3 Qe7 22. c4 Rd8 23. Rxd8+ Qxd8 24. Qc5+ Kg8 25. Qxa5 Qd3+ 26. Kg1 Nxc4
27. Bxc4 Qxc4 28. Qa8+ Kg7 29. a4 c5 30. a5 Qa4 31. a6 c4 32. Qc8 Qd1+ 33. Kg2
Qd5+ 34. Kg1 Qd1+ 35. Kg2 Qd5+ 36. Kg1 Qd1+ 1/2-1/2

[Event "Chess.com Classic Div 3 W"]
[Site "chess.com INT"]
[Date "2024.05.10"]
[Round "1.4"]
[White "Durarbayli, Vasif"]
[Black "Gledura, Benjamin"]
[Result "0-1"]
[WhiteTitle "GM"]
[BlackTitle "GM"]
[WhiteElo "2627"]
[BlackElo "2619"]
[WhiteFideId "13402935"]
[BlackFideId "712779"]
[EventDate "2024.05.10"]
[EventType "k.o."]

1. e4 c5 2. Nf3 d6 3. d4 cxd4 4. Nxd4 Nf6 5. Nc3 a6 6. Be2 e6 7. Be3 Qc7 8. a3
b5 9. g4 Bb7 10. f3 Nc6 11. g5 Nd7 12. h4 Nce5 13. h5 Rc8 14. Rg1 Nb6 15. g6
hxg6 16. hxg6 Nbc4 17. Bc1 Nxg6 18. Bxc4 Qxc4 19. Be3 Rh2 20. Nde2 Nh4 21. Rg3
Ng2+ 22. Kd2 Nxe3 23. Kxe3 d5 24. exd5 Bc5+ 25. Kd2 Qf4+ 26. Ke1 Rh1+ 0-1

[Event "Chess.com Classic Div 3 W"]
[Site "chess.com INT"]
[Date "2024.05.10"]
[Round "1.4"]
[White "Grandelius, Nils"]
[Black "Daneshvar, Bardiya"]
[Result "0-1"]
[WhiteTitle "GM"]
[BlackTitle "GM"]
[WhiteElo "2664"]
[BlackElo "2582"]
[WhiteFideId "1710400"]
[BlackFideId "12576468"]
[EventDate "2024.05.10"]
[EventType "k.o."]

1. e4 c5 2. Nf3 d6 3. Bb5+ Nd7 4. d4 Nf6 5. Nc3 cxd4 6. Qxd4 a6 7. Bxd7+ Bxd7 8.
O-O e5 9. Qd3 h6 10. Nd2 b5 11. Rd1 Rc8 12. a3 Be7 13. Nf1 Rc4 14. f3 Be6 15.
Be3 O-O 16. Bf2 Nh5 17. Ne3 Nf4 18. Qd2 Rc6 19. a4 b4 20. Ne2 Nxe2+ 21. Qxe2 Qc7
22. a5 Rc8 23. h4 Qb7 24. Rd2 Bd8 25. Kh2 Be7 26. Kg1 Bc4 27. Qd1 Bf8 28. Nf5
Qb8 29. Ne3 h5 30. Ra4 Qb5 31. b3 Bxb3 32. Ra1 Be6 33. Qb1 g6 34. Qb2 Bh6 35.
Rad1 Rc3 36. Rd3 Bxe3 37. Bxe3 Rxc2 38. Qb1 b3 39. Rxd6 Qe2 0-1

[Event "Chess.com Classic Div 3 W"]
[Site "chess.com INT"]
[Date "2024.05.10"]
[Round "1.4"]
[White "Idani, Pouya"]
[Black "Moiseenko, Alexander"]
[Result "1-0"]
[WhiteTitle "GM"]
[BlackTitle "GM"]
[WhiteElo "2605"]
[BlackElo "2561"]
[WhiteFideId "12510130"]
[BlackFideId "14102560"]
[EventDate "2024.05.10"]
[EventType "k.o."]

1. e4 c5 2. Nf3 Nc6 3. Bb5 d6 4. d4 cxd4 5. Qxd4 a6 6. Bxc6+ bxc6 7. c4 e5 8.
Qd3 Ne7 9. O-O Ng6 10. Nc3 Be7 11. Be3 Be6 12. Rfd1 O-O 13. c5 dxc5 14. Qc2 Qc7
15. Nd2 Nf4 16. g3 Rfd8 17. b3 h5 18. f3 Nd3 19. Nc4 Nb4 20. Qe2 Bxc4 21. bxc4
Qa5 22. a3 Rxd1+ 23. Nxd1 Rd8 24. Nb2 Ra8 25. Qe1 Qc7 26. axb4 cxb4 27. Na4 c5
28. Qf2 Rc8 29. Rd1 Qc6 30. Qc2 Rb8 31. Qb3 h4 32. Rd5 Qg6 33. g4 a5 34. Nxc5
Bxc5 35. Rxc5 Qf6 36. Kf2 h3 37. Rxa5 Qh4+ 38. Ke2 f5 39. gxf5 Kh7 40. Ra1 Qe7
41. c5 Qd7 42. Rg1 Ra8 43. Rd1 Qb5+ 44. Qd3 Qb7 45. Qd5 Qb5+ 46. Kf2 Ra3 47. Qf7
Rd3 48. Rg1 Rd7 49. Rxg7+ Kh8 50. Qg8# 1-0

[Event "Chess.com Classic Div 3 W"]
[Site "chess.com INT"]
[Date "2024.05.10"]
[Round "1.4"]
[White "Iturrizaga Bonelli, Eduardo"]
[Black "Mamedov, Rauf"]
[Result "1/2-1/2"]
[WhiteTitle "GM"]
[BlackTitle "GM"]
[WhiteElo "2591"]
[BlackElo "2651"]
[WhiteFideId "3901211"]
[BlackFideId "13401653"]
[EventDate "2024.05.10"]
[EventType "k.o."]

1. d4 d5 2. c4 e6 3. Nc3 c5 4. cxd5 exd5 5. Nf3 Nc6 6. g3 Nf6 7. Bg2 Be7 8. O-O
O-O 9. dxc5 Bxc5 10. Bg5 d4 11. Bxf6 Qxf6 12. Ne4 Qe7 13. Nxc5 Qxc5 14. Rc1 Qb6
15. Qc2 h6 16. Rfd1 Re8 17. Ne1 Bg4 18. Bf3 Be6 19. b3 Rac8 20. Qb2 Rcd8 21. Nd3
Bd5 22. Bxd5 Rxd5 23. Rd2 a5 24. Rc4 Qd8 25. a3 Qf6 26. b4 axb4 27. Nxb4 Rb5 28.
Qa1 Na5 29. Rcxd4 Nb3 30. Qd1 Nxd4 31. Rxd4 Rf5 32. Nd5 Qc6 33. Qd3 Rfe5 34. e3
Kh8 35. h4 Rd8 36. e4 f5 37. f3 fxe4 38. fxe4 Rde8 39. Kg2 Rc8 40. Nf4 Qc2+ 41.
Qxc2 Rxc2+ 42. Kh3 Kh7 43. h5 Rc7 44. Kh4 Rce7 45. Rd6 Rxe4 46. Rb6 Ra4 47. Rb3
Rf7 48. Kh3 Rf5 49. Rxb7 Rg5 50. Rb3 Rga5 51. Kh4 Rxa3 52. Rb8 Ra8 53. Rb7 R3a7
54. Rb1 Ra1 55. Rb7 R8a5 56. Ne6 Ra7 57. Rb8 Rh1+ 58. Kg4 Rf7 59. Nf8+ Rxf8 60.
Rxf8 Rd1 1/2-1/2

[Event "Chess.com Classic Div 3 W"]
[Site "chess.com INT"]
[Date "2024.05.10"]
[Round "1.4"]
[White "Kamsky, Gata"]
[Black "Giri, Anish"]
[Result "1/2-1/2"]
[WhiteTitle "GM"]
[BlackTitle "GM"]
[WhiteElo "2616"]
[BlackElo "2745"]
[WhiteFideId "2000024"]
[BlackFideId "24116068"]
[EventDate "2024.05.10"]
[EventType "k.o."]

1. e4 e5 2. Nf3 Nc6 3. Bb5 Nf6 4. O-O Nxe4 5. d4 Nd6 6. Bxc6 dxc6 7. dxe5 Nf5 8.
Qxd8+ Kxd8 9. Rd1+ Ke8 10. Nc3 Ne7 11. h3 Ng6 12. Kh2 Be7 13. g3 h5 14. Kg2 b6
15. b3 Bb7 16. Be3 Rd8 17. Rxd8+ Kxd8 18. g4 Kc8 19. Rd1 hxg4 20. hxg4 Rd8 21.
Rxd8+ Kxd8 22. Kg3 c5 23. Bf4 Kd7 24. e6+ fxe6 25. Ne5+ Nxe5 26. Bxe5 g6 27. f4
a6 28. Kf2 b5 29. Ke3 Bg2 30. Ne4 Kc6 31. c4 Bh3 32. Nf2 Bf1 33. Nd3 bxc4 34.
bxc4 Bxd3 35. Kxd3 Bd6 36. Ke4 Kd7 37. Bc3 Ke8 38. f5 gxf5+ 39. gxf5 exf5+ 40.
Kxf5 Kd7 41. Ke4 Kc6 42. Ba5 Bh2 43. Bc3 Bd6 44. Ba5 Bh2 45. Bc3 Bd6 1/2-1/2

[Event "Chess.com Classic Div 3 W"]
[Site "chess.com INT"]
[Date "2024.05.10"]
[Round "1.4"]
[White "Kovalev, Vladislav"]
[Black "Le, Tuan Minh"]
[Result "0-1"]
[WhiteTitle "GM"]
[BlackTitle "GM"]
[WhiteElo "2561"]
[BlackElo "2567"]
[WhiteFideId "13504398"]
[BlackFideId "12401153"]
[EventDate "2024.05.10"]
[EventType "k.o."]

1. e4 e5 2. Bc4 Nf6 3. d3 c6 4. Nf3 d5 5. Bb3 a5 6. a4 Bb4+ 7. Nbd2 O-O 8. O-O
Qc7 9. exd5 cxd5 10. d4 e4 11. Ne5 Nc6 12. c3 Bd6 13. f4 Qb6 14. Kh1 e3 15. Ndc4
dxc4 16. Nxc4 Qc7 17. Nxe3 Ne7 18. f5 b6 19. Ng4 Nxg4 20. Qxg4 Nxf5 21. Rxf5 g6
22. Bc2 Re8 23. Bh6 Bxf5 24. Bxf5 Bxh2 25. Qh4 Qg3 26. Qxh2 Re1+ 27. Rxe1 Qxe1+
28. Qg1 Qh4+ 29. Qh2 Qe1+ 30. Qg1 Qh4+ 31. Bh3 Qxh6 32. d5 g5 33. Qd4 Qd6 34.
Qe4 Qf4 35. Qxf4 gxf4 36. d6 Rd8 37. d7 Kf8 38. Kg1 Ke7 39. Kf2 Rg8 40. Kf3 Rg6
41. Kxf4 Rd6 42. Ke3 Rd5 43. Ke4 Rd2 44. b4 axb4 45. cxb4 Ra2 46. Kd5 Rxa4 47.
b5 f5 48. Bxf5 Rf4 49. Bh3 Rf6 50. Ke5 Rf2 51. Kd5 Rc2 52. Bf5 Rc5+ 53. Ke4 h6
54. g4 Rxb5 55. Kd4 Rc5 56. Ke4 b5 57. Kd4 Rxf5 58. gxf5 Kxd7 59. Kc5 h5 60.
Kxb5 h4 0-1

[Event "Chess.com Classic Div 3 W"]
[Site "chess.com INT"]
[Date "2024.05.10"]
[Round "1.4"]
[White "Le, Quang Liem"]
[Black "Bok, Benjamin"]
[Result "1/2-1/2"]
[WhiteTitle "GM"]
[BlackTitle "GM"]
[WhiteElo "2731"]
[BlackElo "2599"]
[WhiteFideId "12401137"]
[BlackFideId "1017063"]
[EventDate "2024.05.10"]
[EventType "k.o."]

1. d4 Nf6 2. c4 e6 3. Nf3 b6 4. a3 Bb7 5. Nc3 d5 6. cxd5 Nxd5 7. Qc2 Nxc3 8.
bxc3 c5 9. e4 Nd7 10. Bd3 Qc7 11. Qb1 Be7 12. O-O O-O 13. Re1 Rfd8 14. Ra2 Rac8
15. g3 h6 16. Bf4 Bd6 17. Be3 Be7 18. a4 Nb8 19. Rd1 cxd4 20. cxd4 Nc6 21. Rc2
Qb8 22. d5 Nb4 23. Bf4 Bd6 24. Rxc8 Rxc8 25. dxe6 fxe6 26. Bxd6 Qxd6 27. Ba6
Qxd1+ 28. Qxd1 Nxa6 29. Nd4 Rd8 30. Qa1 Nc5 31. f3 Kh7 32. a5 Rd7 33. axb6 axb6
34. Qb2 e5 35. Ne2 Rd1+ 36. Kg2 Ba6 37. Qxb6 Bxe2 38. Qxc5 Rd3 39. Qxe5 Bxf3+
40. Kf2 Bg4 41. Qe7 Rf3+ 42. Kg2 Re3 43. Kf1 Rf3+ 44. Ke1 Kg8 45. e5 Re3+ 46.
Kf2 Re2+ 47. Kg1 Re1+ 48. Kf2 Re2+ 49. Kf1 Rxh2 50. Qe8+ Kh7 51. e6 Bxe6 52.
Qxe6 Rh5 53. Qe4+ g6 54. Qe7+ Kg8 55. Ke2 Rg5 56. Kf3 Rf5+ 57. Ke4 h5 58. Qd7
Kh8 59. Qd8+ Kg7 60. Qh4 Rf7 61. Qg5 Rf5 62. Qe7+ Kg8 63. Ke3 Kh8 64. Kd4 Kg8
65. Ke4 Kh8 66. Qe6 Kg7 67. Qc8 Kh7 68. Qd8 Kg7 69. Qd4+ Kh7 70. Qa1 Kg8 71. Qh1
Kg7 72. Qh4 Rf7 73. Ke5 Rf5+ 74. Ke6 Rf7 75. Qd4+ Kg8 76. Qb2 Rf5 77. Ke7 Rf7+
78. Ke6 Rf5 79. Qb7 Kh8 80. Qc7 Kg8 81. Qb7 Kh8 82. Ke7 Kg8 83. Qb3+ Kg7 84.
Qc3+ Kg8 85. Qc4+ Kg7 86. Qd4+ Kg8 87. Qb4 Kg7 88. Qc3+ Kg8 89. Ke8 Rf8+ 90. Kd7
Rf7+ 91. Ke6 Rf5 92. Qc7 Kh8 93. Qd8+ Kg7 94. Qh4 Rf7 95. Qd4+ Kg8 96. Qe4 Kg7
97. Qe5+ Kg8 98. Qd5 Kg7 99. Qd8 Rf5 100. Qc7+ Kg8 101. Qc4 Kg7 102. g4 hxg4
103. Qd4+ Kg8 104. Qxg4 Kg7 105. Qh4 Rf7 106. Qd4+ Kg8 107. Qc3 Rf5 108. Qc8+
Kg7 109. Qb7+ Kg8 110. Qb2 Kh7 111. Qd4 Kg8 112. Qc3 Kh7 113. Ke7 Kg8 114. Qc4+
Kg7 115. Qe6 Kh7 116. Ke8 Kg7 117. Qd7+ Kg8 118. Qd6 Kg7 119. Qe7+ Kg8 120. Qe3
Kg7 121. Qc3+ Kg8 122. Ke7 Kh7 123. Ke6 Kg8 124. Qc1 Kg7 125. Qd2 Rf6+ 126. Ke5
Rf5+ 127. Ke4 Kh7 128. Qe3 Kg7 129. Qa7+ Kg8 130. Qe7 Kh8 131. Qd8+ Kg7 132.
Qd7+ Kg8 133. Qd6 Kg7 134. Qe7+ Kg8 135. Qd8+ Kg7 136. Qd7+ Kg8 137. Qxf5 gxf5+
138. Kxf5 1/2-1/2

[Event "Chess.com Classic Div 3 W"]
[Site "chess.com INT"]
[Date "2024.05.10"]
[Round "1.4"]
[White "Paravyan, David"]
[Black "Rasulov, Vugar"]
[Result "1-0"]
[WhiteTitle "GM"]
[BlackTitle "GM"]
[WhiteElo "2606"]
[BlackElo "2560"]
[WhiteFideId "4194985"]
[BlackFideId "13402390"]
[EventDate "2024.05.10"]
[EventType "k.o."]

1. e4 c5 2. Nf3 Nc6 3. d4 cxd4 4. Nxd4 e5 5. Nb5 d6 6. N1c3 a6 7. Na3 Be7 8. Nd5
Nf6 9. Nxf6+ Bxf6 10. Nc4 O-O 11. Be3 Bg5 12. Qd2 Bxe3 13. Nxe3 Be6 14. Bc4 Qh4
15. Bxe6 fxe6 16. O-O Rad8 17. f3 d5 18. exd5 exd5 19. Nxd5 Qc4 20. Ne3 Qb5 21.
Qc3 Kh8 22. Kh1 Nd4 23. Rae1 h6 24. b3 Rc8 25. Qd3 Qxd3 26. cxd3 b5 27. h3 Rc3
28. Ng4 Rfc8 29. Nxe5 Rc2 30. a4 Nxb3 31. axb5 axb5 32. Nf7+ Kh7 33. Nd6 R8c5
34. Ne4 Rd5 35. f4 Nd4 36. Rb1 Nf5 37. Kg1 Rxd3 38. Rf2 Rc4 39. Rxb5 Ne3 40. Ng3
Nd1 41. Rf3 Rxf3 42. gxf3 Rxf4 43. Kg2 Rf7 44. Rb3 Rc7 45. Ne4 Kg6 46. h4 Kf5
47. Kg3 Ke5 48. h5 Kd4 49. Nd6 Rd7 50. Nf5+ Kc4 51. Rb8 Nc3 52. Rg8 Ne2+ 53. Kg4
Rd1 54. Ne3+ 1-0